000 00424nam a2200133Ia 4500
008 191129s9999 xx 000 0 und d
020 _a4806523174039
100 _aDiehm, William J.
245 _cWilliam J. Diehm
_aHow to get along with difficult people/
260 _aManila:
_bChurch Strengthening Ministry, Inc.
_c1992
300 _a224 p. ;
_bill. :
_c16 cm.
650 _aInterpersonal relations
650 _aPersonality
999 _c362746
_d362746